000 02043cam a22004694i 4500
003 PE-LiUPU
005 20250731173417.0
008 150706s2008 mou r 000 0 spa d
020 _a9780758608239
035 _a(Sirsi) i9780758608239
040 _aPE-LiUPU
_bspa
_cPE-LiUPU
_erda
049 _aPRUA
082 0 4 _a220
_bCC
_221
100 1 _aBlank, Rodolfo H.,
_eautor.
245 1 0 _aSalmos :
_buna ventana al Antiguo Testamento y al Mesías /
_cRodolfo H. Blank.
264 1 _aSaint Louis, Missouri, U.S.A :
_bConcordia,
_c2008.
300 _a695 páginas ;
_c24 centímetros.
336 _atext
_2rdacontent
337 _aunmediated
_2rdamedia
338 _avolume
_2rdacarrier
490 0 _aComentario Concordia
505 0 _aLos salmos Tora -- Los salmos reales -- Los salmos de entrada -- Los salmos mesiánicos -- Los salmos penitenciales -- Los salmos de los hijos de Coré -- Los salmos que tratan de la creación del género humano -- Los salmos de los hijos de Asaf -- Los salmos marciales -- Los salmos del cuarto libro -- Un lamento nacional -- Los salmos graduales -- Los salmos de la realeza del Señor -- Los salmos de confianza y esperanza -- Los salmos del regreso.
526 _aSEG42
526 _aSEG41
526 _aSEG40
526 _aSEG39
526 _aP94
526 _aP87
526 _aP86
526 _aP85
526 _aP77
526 _aP76
526 _aP35
541 _g001-0000567;
630 _aBiblia.
_pA.T.
_pSalmos
_vComentarios.
910 _agl
_bjv
_clch
_d20120529
942 _2ddc
_cBOOK
949 _a220 CC 19
_wDEWEY
_c1
_i64715
_lCCODEBUL1
_mBUL
_p30.00
_r0
_sY
_tBOOK
_u2015-7-6
_xTEOLOGIA
_PP35
_o.STAFF. Colección General
994 _aC0
_bPEPRU
596 _a1
999 _a220 CC 19
_wDEWEY
_c53416
_i64715
_d53416
_e2018-2-7
_f2021-11-9
_g6
_lCCODEBUL1
_mBUL
_n10
_p30.00
_q5
_r0
_sY
_tBOOK
_u2015-7-6
_xTEOLOGIA
_PP35
_0COMPRA
_o.STAFF. Colección Teología
980 _81
_gALBERTO SANCHEZ Responsable de Automatización